000 01544nam a2200265 4500
005 20250329165505.0
008 190730s2019 000 0 eng d
040 _aCO-CtgCURN
_bspa
_ccoctgcurn
041 0 _aspa
082 0 _aTCS 2019
_bF475
100 1 _aFigueroa R, Martin.
245 1 3 _aEl impacto de las TIC en la contabilidad. /
_cMartin Figueroa R ; Yaiceth Simarra Tejedor ; Asesor:.
260 _aCartagena de Indias :
_bCorporacion Universitaria Rafael Nuñez,
_c2019.
300 _a20 hojas.
336 _2rdacontent
_atext
_btxt
337 _2rdacarrier
_asin mediacion
_bn
338 _2rdacarrier
_avolumen
_bnc
502 _aTrabajo de grado (Contabilidad sistematizada).Corporacion Universitaria Rafael Nuñez. Facultad de Ciencias contables y Administrativas. Contabilidad Sistematizada, 2019.
520 _aLa contabilidad es una herramienta util para el desarrollo de entidades economicas ya que nos permite llevar un control sobre el sistema de información financiera, para asi poder obtener un retorno optimo de la inversion. Ya que estamos en un mundo cambiante que se encuentra en constante actualizacion;
650 0 _aContabilidad sistematizada
_vTesis y disertaciones academicas.
700 1 _aSimarra Tejedor, Yaiceth,
_eAsesor.
856 _uhttps://unicurn.sharepoint.com/:b:/s/biblioteca/EZ8ponxZ1kdCt6pedgaXqGsBLF-wuQIlUxBVnZvVpBerfA?e=4z2XcQ
_zClick aqui para ver el recurso en texto completo
942 _cTG
_hTCS 2019
_iF475
999 _c5748
_d5748